Velúr zakó részlet /

Elmentve itt :
Bibliográfiai részletek
Szerző: Stratiev Stanislav
További közreműködők: Juhász Péter
Dokumentumtípus: Cikk
Megjelent: 1977
Sorozat:Tiszatáj 31 No. 9
Kulcsszavak:Bolgár irodalom - dráma
Online Access:http://tiszataj.bibl.u-szeged.hu/9696
LEADER 00609nab a2200193 i 4500
001 tisza9696
005 20200330134425.0
008 170612s1977 hu o 0|| hun d
022 |a 0133-1167 
040 |a SZTE Tiszatáj Archívum  |b hun 
041 |a hun 
100 1 |a Stratiev Stanislav 
245 1 0 |a Velúr zakó   |h [elektronikus dokumentum] :  |b részlet /  |c  Stratiev Stanislav 
260 |c 1977 
300 |a 49-55 
490 0 |a Tiszatáj  |v 31 No. 9 
695 |a Bolgár irodalom - dráma 
700 0 1 |a Juhász Péter 
856 4 0 |u http://tiszataj.bibl.u-szeged.hu/9696/1/tiszataj_1977_009_049-055.pdf  |z Dokumentum-elérés